| 000 | 01374nam a22003377a 4500 | ||
|---|---|---|---|
| 001 | BR8100870 | ||
| 003 | BR-BrBNA | ||
| 005 | 20230928090923.0 | ||
| 007 | ta | ||
| 008 | 230509b bl.||||| |||| 00| 0 por d | ||
| 040 |
_aBR-BrBNA _bpor _cBiblioteca Nacional de Agricultura |
||
| 041 | _a(Por) | ||
| 072 |
_aF30; F60 _b0716 _b/G514 |
||
| 090 | _ 0716 BR8100870 | ||
| 100 | 1 | _aBarradas, C.I.N. | |
| 110 | 1 |
_aUniversidade Federal de Pelotas, RS (Brasil) _0Tese (Mestrado) _910876 |
|
| 245 | 1 | _aEfeito de quatro concentracoes do acido - 3 - indolilbutirico sobre o enraizamento de estacas lenhosas e formacao de mudas de tres cultivares de pessegueiro (Prunus persica (L.)Batsch)em duas epocas [Rio Grande do Sul; Brasil] | |
| 246 | 1 | _a[Effect of four concentrations of 3 - indolbutyric acid on the rooting of stem cuttings and seedling formation of three peach cultivars (Prunus persica (L.)in two times [Rio Grande do Sul; Brazil]] | |
| 260 | 3 |
_aPelotas, RS (Brasil): _c1980. |
|
| 300 | _a106 p. | ||
| 500 | _a10 illus.; 9 tables; Bibliography p. 87-93 (98 ref.); Summaries (Eng, Por) | ||
| 650 | _aMelhoramento genetico vegetal | ||
| 650 | _aFisiologia vegetal | ||
| 650 | _aPessego | ||
| 650 | _aReproducao vegetal | ||
| 650 | _aEstaca | ||
| 650 | _aEnraizamento | ||
| 650 | _aRio Grande do Sul | ||
| 909 |
_a202309 _bLucia _c55 _dLucia Elande |
||
| 942 | _cBK | ||
| 999 |
_c31272 _d31272 |
||